History General Knowledge #14 - Statistics

General Stats
  • This quiz has been taken 25,325 times
  • The average score is 13 of 20
Answer Stats
Question Answer % Correct
Who famously wrote a diary while hiding in an attic in Amsterdam? Anne Frank
96%
What was the first European country to colonize South Africa? Netherlands
86%
Who was the first Communist leader of China? Mao Zedong
83%
What was the tallest human-built structure in the world from roughly 2600 BC until 1092 AD? The Great Pyramid of Giza
82%
What word meaning "prison camp" gets its name from the Soviet bureau in charge of running those camps? Gulag
79%
What royal dynasty did Henry VIII belong to? Tudor
78%
What color of dye, made from sea snails, was used to make the robes of Roman emperors? Tyrian purple
76%
What sport traces its origins to 12th century France, where unlike today, it was played indoors and with the palm of the hand? Tennis
70%
Who had no children, a wife named Martha, and more than a hundred slaves who were freed after his death? George Washington
67%
What was the former name of Ho Chi Minh City? Saigon
66%
What was the nickname of WWII general Erwin Rommel? The Desert {Fox}
61%
What musical instrument was invented in 1931 that changed popular music forever? {Electric} {guitar}
59%
From what country did Panama gain its independence in 1903? Colombia
58%
What material is known to Germans as Baumwolle, or "tree wool", because Europeans of the Middle Ages thought it came from trees? Cotton
58%
What city hosted the Winter Olympics in 1984 but was a war zone just 8 years later? Sarajevo
50%
What family was the subject of the movie "The Sound of Music" ? Von Trapp
48%
What city was founded by conquistador Francisco Pizarro in 1535? Lima
46%
What was the name of Blackbeard's pirate flagship? Queen Anne's {Revenge}
39%
What city, then known as York, did the U.S. sack during the War of 1812? Toronto
36%
What city was, according to legend, founded by Queen Dido in 814 BC? Carthage
35%
No matching quizzes found
Score Distribution
Percent of People with Each Score
Percentile by Number Answered
Your Score History
You have not taken this quiz